| 000 | 00553nam a2200229 a 4500 | ||
|---|---|---|---|
| 999 |
_c6760 _d6760 |
||
| 001 | 6760 | ||
| 003 | BD-JhCC | ||
| 005 | 20180129182901.0 | ||
| 008 | 180129s1961 e a|||| || | 000 0 eng d | ||
| 035 | _a(BD-JhCC)6760 | ||
| 040 |
_aBD-JhCC _dBD-JhCC |
||
| 041 | _aeng | ||
| 082 |
_a823.91 _bROB 1961 |
||
| 100 | _aRobertson, Wilfrid | ||
| 245 |
_aSafari / _cWilfrid Robertson, |
||
| 260 |
_aLondon : _bCollins _c1961. |
||
| 300 |
_a192 p. : _bill. ; _c20 cm. |
||
| 650 | _aAfrica | ||
| 650 | _aEnglish fiction | ||
| 942 |
_2ddc _cBK |
||